| Tag |
First Indicator |
Second Indicator |
Subfields |
| LEADER |
00000nam a2200000 4500 |
| 001 |
in00004190913 |
| 005 |
20200806083401.0 |
| 006 |
m g d |
| 007 |
cr bn |||a|bb| |
| 008 |
870515s1660 enk o o00 eng d |
| 035 |
|
|
|a (UnM)99890236
|
| 037 |
|
|
|a CL2105000002
|b ProQuest Information and Learning. 300 N. Zeeb Rd., Ann Arbor, MI 48106
|
| 040 |
|
|
|a Cu-RivES
|c Cu-RivES
|d CStRLIN
|d Cu-RivES
|e dcrb
|
| 043 |
|
|
|a e-uk-en
|
| 045 |
2 |
|
|b d1660
|b d1685
|
| 110 |
1 |
|
|a England and Wales.
|b Parliament.
|b House of Lords.
|
| 245 |
1 |
0 |
|a Die Lunæ, 17. die Decembris, 1660. :
|b Upon report of the Lords committees appointed to consider of the priviledges of the peers of this realm, it is ordered and declared by the Lords in Parliament assembled, that it is the undoubted right of the peers of this realm, not to be charged with any horse, armes, or other martial charge whatsoever, ...
|
| 246 |
2 |
|
|a Upon report of the Lords committees appointed to consider of the priviledges of the peers of this realm, it is ordered and declared by the Lords in Parliament assembled, that it is the undoubted right of the peers of this realm, not to be charged with any horse, armes, or other martial charge whatsoever
|
| 260 |
|
|
|a London, :
|b Printed by John Bill, printer to the King's most Excellent Majesty,,
|c 1660..
|
| 300 |
|
|
|a 1 online resource (1 sheet ([1] pages).
|
| 336 |
|
|
|a text
|b txt
|2 rdacontent
|
| 337 |
|
|
|a computer
|b c
|2 rdamedia
|
| 338 |
|
|
|a online resource
|b cr
|2 rdacarrier
|
| 500 |
|
|
|a Initial; Steele notation: Arms 60 Pri the utmost.
|
| 500 |
|
|
|a Title from caption and first 5 lines of text.
|
| 500 |
|
|
|a Order to print: "Saturday the 29. day of December, 1660. Ordered by the Lords in Parliament assembled, that this order be forthwith printed and published. Jo. Browne cleric. Parliamentorum.".
|
| 500 |
|
|
|a At foot of sheet: At the King's Printing-House in Black-Friers.
|
| 500 |
|
|
|a Reproduction of original in the British Library.
|
| 510 |
4 |
|
|a Wing (CD-ROM, 1996)
|c E2864.
|
| 510 |
4 |
|
|a Steele
|c I, 3271.
|
| 510 |
4 |
|
|a Early English books tract supplement interim guide
|c 190.g.13[142].
|
| 533 |
|
|
|a Electronic reproduction.
|b Ann Arbor, Mich. :
|c UMI,
|d 1999-
|f (Early English books online)
|n Digital version of: (Early English books; Tract supplement ; C29:2[142])
|7 s1999 miun s
|
| 610 |
1 |
0 |
|a England and Wales.
|b Parliament.
|b House of Lords
|x Privileges and immunities
|v Early works to 1800.
|
| 650 |
|
0 |
|a Broadsides
|z England
|z London
|v Early works to 1800.
|
| 651 |
|
0 |
|a Great Britain
|x History
|y Charles II, 1660-1685
|v Early works to 1800.
|
| 651 |
|
0 |
|a Great Britain
|x Politics and government
|y 1660-1688
|v Early works to 1800.
|
| 830 |
|
0 |
|a Early English books online.
|
| 856 |
4 |
0 |
|u http://proxy.library.tamu.edu/login?url=https://search.proquest.com/docview/2240907016
|z Connect to the full text of this electronic book
|t 0
|
| 999 |
f |
f |
|s da84d4ce-3cc8-35f5-9f34-d10110e06374
|i 00b56b7b-baf4-3772-9734-4cd31197edb8
|t 0
|
| 952 |
f |
f |
|a Texas A&M University
|b College Station
|c Electronic Resources
|d Available Online
|t 0
|h No information provided
|
| 998 |
f |
f |
|t 0
|l Available Online
|